• ANIMAZIONE 3D

di Topical Term

Records bibliografici associati: 1

001 - CONTROL NUMBER

  • control field: 37298

003 - CONTROL NUMBER IDENTIFIER

  • control field: IT-RoPau

005 - DATE AND TIME OF LATEST TRANSACTION

  • control field: 20151125163633.0

008 - FIXED-LENGTH DATA ELEMENTS

  • fixed length control field: 151125|| aca||aabn | a|a d

040 ## - CATALOGING SOURCE

  • Original cataloging agency: IT-RoPau
  • Transcribing agency: IT-RoPau

150 ## - HEADING--TOPICAL TERM

  • Topical term or geographic name entry element: ANIMAZIONE 3D
  • : DVD-FILM [DVD]
  • General subdivision: Codice MATERIA SPICS: 9947

670 ## - SOURCE DATA FOUND

  • Source citation: Work cat.: (IT-RoPau)104721: Kantor Frantz Codice regista SPICS: 60178 37296, FRATELLI IN GUERRA - GIUSEPPE L'INTERPRETE DEI SOGNI FRATELLI IN GUERRA - GIUSEPPE L'INTERPRETE DEI SOGNI (Rif. Codice opera principale : K0457)
CREDITS: SOCIETA' SAN PAOLO Via A.Severo, 58 - ROMA (RM) & PERIODICI SAN PAOLO SRL Via Giotto, 36 MILANO & CISF Via Giotto, 36 MILANO & EDIZIONI SAN PAOLO SRL,  Piazza Soncino, 5 CINISELLO BALSAMO (MI) -- ITALY